Les sous-préfectures sans .... ou avec... (6) - Statistiques

Statistiques générales
  • Ce quiz a été pris 25 fois
  • Le résultat moyen est 72 sur 110
Statistiques - réponses
HintNe termine pas part T mais avec la lettre TNe termine pas part T mais avec la lettre T Réponse % Correct
Avec la lettre U | Avec la lettre X Bayeux
94%
Avec la lettre U Mulhouse
94%
Avec la lettre U Saint-Flour
94%
Avec la lettre U Saint-Gaudens
94%
Avec la lettre U Boulogne-sur-Mer
88%
Avec la lettre U | Avec la lettre X Lisieux
88%
Avec la lettre X | Ne commence pas par V mais avec la lettre V Aix-en-Provence
82%
Avec la lettre U Argenteuil
82%
Avec la lettre U Beaune
82%
Avec la lettre U Coutances
82%
Avec la lettre U Douai
82%
Avec la lettre U Dunkerque
82%
Avec la lettre U Guingamp
82%
Ne commence pas par V mais avec la lettre V Le Havre
82%
Avec la lettre U | Avec la lettre X Meaux
82%
Avec la lettre U Millau
82%
Avec la lettre U Montluçon
82%
Avec la lettre U Aubusson
76%
Avec la lettre U Boulogne-Billancourt
76%
Avec la lettre U Cherbourg-en-Cotentin
76%
Avec la lettre U Cosne-Cours-sur-Loire
76%
Avec la lettre U Draguignan
76%
Avec la lettre U Libourne
76%
Avec la lettre U Muret
76%
Avec la lettre U Saumur
76%
Avec la lettre U Toul
76%
Avec la lettre U Ussel
76%
Ne commence pas par V mais avec la lettre V Avallon
71%
Avec la lettre U Châteaulin
71%
Avec la lettre U | Avec la lettre X Dreux
71%
Avec la lettre U Forcalquier
71%
Avec la lettre U Fougères
71%
Avec la lettre U Haguenau
71%
Avec la lettre U Louhans
71%
Avec la lettre U Nantua
71%
Avec la lettre U Rambouillet
71%
Avec la lettre U Saint-Jean-de-Maurienne
71%
Avec la lettre U | Ne commence pas par V mais avec la lettre V Saint-Julien-en-Genevois
71%
Avec la lettre U Verdun
71%
Avec la lettre U Villefranche-de-Rouergue
71%
Avec la lettre U Villeneuve-sur-Lot
71%
Ne commence pas par V mais avec la lettre V Abbeville
65%
Ne commence pas par V mais avec la lettre V Avranches
65%
Ne commence pas par V mais avec la lettre V Brive-la-Gaillarde
65%
Avec la lettre U Châteaubriant
65%
Avec la lettre U Château-Chinon
65%
Avec la lettre U Château-Thierry
65%
Avec la lettre U Châtellerault
65%
Avec la lettre X Dax
65%
Avec la lettre U Fontainebleau
65%
Avec la lettre U Issoudun
65%
Avec la lettre U La Tour-du-Pin
65%
Ne commence pas par V mais avec la lettre V Le Vigan
65%
Avec la lettre U Nogent-le-Rotrou
65%
Avec la lettre U Palaiseau
65%
Ne commence pas par V mais avec la lettre V Pontivy
65%
Avec la lettre U Saint-Claude
65%
Avec la lettre U Saint-Paul
65%
Avec la lettre U Villefranche-sur-Saône
65%
Ne commence pas par V mais avec la lettre V Albertville
59%
Avec la lettre U Autun
59%
Avec la lettre U | Ne commence pas par V mais avec la lettre V Lunéville
59%
Avec la lettre U Lure
59%
Avec la lettre U Mauriac
59%
Avec la lettre U Montreuil-sur-Mer
59%
Avec la lettre U Saint-Quentin
59%
Avec la lettre U Sarrebourg
59%
Ne commence pas par V mais avec la lettre V Saverne
59%
Avec la lettre U Tournon-sur-Rhône
59%
Avec la lettre U | Avec la lettre X Yssingeaux
59%
Avec la lettre U | Ne commence pas par V mais avec la lettre V Avesnes-sur-Helpe
53%
Avec la lettre U Béthune
53%
Avec la lettre U Bressuire
53%
Avec la lettre U Brioude
53%
Ne commence pas par V mais avec la lettre V Calvi
53%
Avec la lettre U Chalon-sur-Saône
53%
Avec la lettre U Châteaudun
53%
Avec la lettre X Gex
53%
Avec la lettre U Gourdon
53%
Avec la lettre U | Avec la lettre X Limoux
53%
Ne commence pas par V mais avec la lettre V Lodève
53%
Avec la lettre X Morlaix
53%
Avec la lettre U Neufchâteau
53%
Avec la lettre U Rochechouart
53%
Avec la lettre U Sarreguemines
53%
Avec la lettre U Bar-sur-Aube
47%
Avec la lettre U Château-Gontier-sur-Mayenne
47%
Avec la lettre U Nogent-sur-Seine
47%
Ne commence pas par V mais avec la lettre V Saint-Dié-des-Vosges
47%
Avec la lettre U Saint-Laurent-du-Maroni
47%
Ne commence pas par V mais avec la lettre V Thionville
47%
Avec la lettre U Vouziers
47%
Ne commence pas par V mais avec la lettre V Bonneville
41%
Avec la lettre U Nogent-sur-Marne
41%
Ne commence pas par V mais avec la lettre V Pithiviers
41%
Avec la lettre U Segré-en-Anjou Bleu
41%
Ne commence pas par V mais avec la lettre V Provins
35%
Ne commence pas par V mais avec la lettre V Florac Trois Rivières
29%
Avec la lettre U Mortagne-au-Perche
24%
Aucun quiz correspondant
Distribution des résultats
% des personnes avec chaque résultat
Percentile par nombre de réponses
Votre historique - résultats
Vous n’avez pas pris ce quiz